000 01574nam a2200313Ia 4500
999 _c55399
_d55399
001 22480
003 GE_BSU
005 20230322115715.0
008 181216s2014||||ge |||||||||||||| ||geo||
020 _a9789941065057
040 _cGE_BSU
041 _ageo
080 _a657.15 გ-82
100 _aგრიგალაშვილი, ლევან
_9870
245 _aფინანსური აღრიცხვა /
_cლევან გრიგალაშვილი ; რედ. ავთანდილ სილაგაძე.
264 _aთბილისი :
_bგამ-ბა [გეორგიკა],
_c2014.
300 _a504 გვ. ;
_c 20 სმ.
541 _h28ლ.
653 _aბუღალტერია
653 _aბუღალტრული აღრიცხვის საფუძვლები
653 _a საწარმოთა ბუღალტრული აღრიცხვა
653 _a არაკომერციული იურიდიული პირების აღრიცხვა
653 _aგადასახადების აღრიცხვა
653 _a მოსაკრებლების აღრიცხვა
653 _a საგადასახადო დეკლარაციის შევსების წესი
653 _aფინანსური აღრიცხვა
700 _aსილაგაძე, ავთანდილ
_eრედაქტორი
_917234
942 _cBK
_2udc